Janji

Bibliographic Details
Main Author: Rosmini Shaari
Format: Book
Published: Shah Alam : Marwilis Publisher , 1989
Subjects:

MARC

LEADER 00000cam a2200000 7i4500
001 0000008977
002 000009778
005 20000330.0
020 |a 983831109X 
090 0 0 |a F   |b ROS 
100 0 |a Rosmini Shaari 
245 1 0 |a Janji   |c Rosmini Shaari 
260 |a Shah Alam :   |b Marwilis Publisher ,   |c 1989 
300 |a 262 p. ;   |c 21 cm. 
650 0 0 |a Love stories, Malay 
999 |a 023324   |b BUKU   |c PINJAMAN   |e PERPUSTAKAAN KOMUNITI PETALING JAYA 
999 |a 023325   |b BUKU   |c PINJAMAN   |e PERPUSTAKAAN KOMUNITI PETALING JAYA